| 000 | 01034nam a2200277 a 4500 | ||
|---|---|---|---|
| 001 | BRCA_6811 | ||
| 005 | 20190320205612.0 | ||
| 008 | 041111s1939----nyuab#####---#000-0#eng-# | ||
| 041 | _aeng | ||
| 044 | _anyu | ||
| 050 | 4 |
_aDP42 _b.A53 1939 |
|
| 100 | 1 |
_aAnderson, Ruth Matilda _98007 |
|
| 245 | 1 | 0 |
_aGallegan provinces of Spain _bPontevedra and La Coruña _cby Ruth Matilda Anderson. |
| 260 |
_aNueva York _bOrder of the Trustees _c1939 |
||
| 300 |
_axvii, 496 p. _bil. (algunas a color), mapas _c23 cm. |
||
| 440 | 0 |
_aHispanic Notes & Monographs: essays, studies, and brief biographies issued by the Hispanic Society of America. Travel series _916985 |
|
| 500 | _aIncluye lista de ilustraciones e índice alfabético | ||
| 500 | _aN24 | ||
| 504 | _aBibliografía: p. 484-487 | ||
| 651 | 4 |
_aEspaña _xDescripción y viajes _97912 |
|
| 651 | 4 |
_aPontevedra (España) _xDescripción _916986 |
|
| 651 | 4 |
_aCoruña (España) _xDescripción _916987 |
|
| 710 | 2 |
_aHispanic Society of America _916988 |
|
| 902 | _aGFM | ||
| 942 |
_2lcc _cB |
||
| 999 |
_c6494 _d6494 |
||